00490nam a2200157Ia 4500100002800000650001200028942000700040366000700047245003400054260003700088082001300125300000800138546002300146999001700169952014600186 aGnadig/Peter/ Honyek/G  aPhysics cBK f20 a200 puzzling physics problems bCambridge University Pressc2001 a530bGNA a257 aENGLISHcComputers c32056d32056 001040708CRCaCRCEbCRCEd2023-03-17eDharma Enterprisesg276.00i145 dt 23/05/2013l0o530 GNAp22644r2023-03-17v345.00w0000-00-00yBK